[Event "V Open Semana Santa Alicante 2021"]
[Site "Alicante"]
[Date "2021.04.02"]
[Round "4.5"]
[White "Lopez Varela, Pablo"]
[Black "Movsziszian, Karen"]
[Result "0-1"]
[WhiteElo "2209"]
[BlackElo "2471"]
[Annotator "ChessBase"]
[PlyCount "87"]
[EventDate "2021.03.31"]
[EventType "swiss"]
[EventCountry "ESP"]
[SourceTitle "playchess.com"]
[Source "ChessBase"]
[SourceQuality "1"]
[TimeControl "5400+30"]

1. e4 {[%emt 0:00:00]} c5 {[%emt 0:00:09]} 2. Nf3 {[%emt 0:01:28]} e6 {[%emt 0:00:16]} 3. g3 {[%emt 0:02:12]} Nc6 {[%emt 0:03:34]} 4. Bg2 {[%emt 0:00:27]} Nf6 {[%emt 0:00:17]} 5. d3 {[%emt 0:01:19]} d6 {[%emt 0:00:16]} 6. O-O {[%emt 0:00:07]} Be7 {[%emt 0:02:50]} 7. Re1 {[%emt 0:01:46]} O-O {[%emt 0:01:37]} 8. c3 {[%emt 0:02:21]} e5 {[%emt 0:04:08]} 9. h3 {[%emt 0:11:02]} b6 {[%emt 0:01:49]} 10. d4 {[%emt 0:04:33]} Qc7 {[%emt 0:01:15]} 11. dxe5 {[%emt 0:03:33]} dxe5 {[%emt 0:01:47]} 12. Nfd2 {[%emt 0:01:13]} Be6 {[%emt 0:00:34]} 13. Nf1 {[%emt 0:05:53]} Rfd8 {[%emt 0:03:55]} 14. Qe2 {[%emt 0:00:12]} h6 {[%emt 0:02:32]} 15. Ne3 {[%emt 0:01:47]} Bf8 {[%emt 0:00:01]} 16. Na3 {[%emt 0:06:58]} a6 {[%emt 0:00:43]} 17. Bd2 {[%emt 0:00:46]} b5 {[%emt 0:00:31]} 18. Red1 {[%emt 0:01:19]} c4 {[%emt 0:08:42]} 19. Nac2 {[%emt 0:00:25]} Rd7 {[%emt 0:17:01]} 20. Be1 {[%emt 0:04:40]} Rad8 {[%emt 0:00:02]} 21. Rxd7 {[%emt 0:00:10]} Rxd7 {[%emt 0:00:03]} 22. Rd1 {[%emt 0:00:25]} Qd8 {[%emt 0:00:42]} 23. f4 {[%emt 0:07:27]} Rxd1 {[%emt 0:03:14]} 24. Qxd1 {[%emt 0:01:11]} Qxd1 {[%emt 0:04:40]} 25. Nxd1 {[%emt 0:00:05]} g6 {[%emt 0:04:00]} 26. Nde3 {[%emt 0:05:50]} exf4 {[%emt 0:02:23]} 27. gxf4 {[%emt 0:00:08]} Nh5 {[%emt 0:00:17]} 28. f5 {[%emt 0:04:21]} Bc8 {[%emt 0:01:36]} 29. Nd5 {[%emt 0:09:41]} Ne5 {[%emt 0:04:48]} 30. f6 {[%emt 0:08:26]} Bb7 {[%emt 0:06:12]} 31. Nce3 {[%emt 0:01:30]} Bc5 {[%emt 0:00:42]} 32. Bf2 {[%emt 0:03:52]} Nd3 {[%emt 0:00:10]} 33. Bf3 {[%emt 0:02:16]} Bxd5 {[%emt 0:00:28]} 34. exd5 {[%emt 0:00:06]} Nxf6 {[%emt 0:00:08]} 35. Kf1 {[%emt 0:00:51]} Nxb2 {[%emt 0:07:55]} 36. Ng4 {[%emt 0:03:35]} Nxg4 {[%emt 0:00:54]} 37. Bxc5 {[%emt 0:00:17]} Nh2+ {[%emt 0:00:03]} 38. Kg2 {[%emt 0:00:05]} Nxf3 {[%emt 0:00:36]} 39. Kxf3 {[%emt 0:00:02]} Nd3 {[%emt 0:00:07]} 40. Be3 {[%emt 0:00:31]} h5 {[%emt 0:03:48]} 41. d6 {[%emt 0:00:31]} Kf8 {[%emt 0:00:03]} 42. Ke4 {[%emt 0:00:21]} Ke8 {[%emt 0:00:01]} 43. Kd5 {[%emt 0:00:06]} Kd7 {[%emt 0:00:01]} 44. Kd4 0-1

[Event "V Open Semana Santa Alicante 2021"]
[Site "Alicante"]
[Date "2021.04.02"]
[Round "4.6"]
[White "Guardiola Guillot, Lucas"]
[Black "Martinez Reyes, Pedro Ramon"]
[Result "1/2-1/2"]
[WhiteElo "2017"]
[BlackElo "2427"]
[Annotator "ChessBase"]
[PlyCount "210"]
[EventDate "2021.03.31"]
[EventType "swiss"]
[EventCountry "ESP"]
[SourceTitle "playchess.com"]
[Source "ChessBase"]
[SourceQuality "1"]
[TimeControl "5400+30"]

1. c4 {[%emt 0:00:00]} e6 {[%emt 0:01:40]} 2. g3 {[%emt 0:00:00]} d5 {[%emt 0:00:04]} 3. Bg2 {[%emt 0:00:00]} Nf6 {[%emt 0:00:04]} 4. Nf3 {[%emt 0:00:18]} Be7 {[%emt 0:00:03]} 5. O-O {[%emt 0:00:11]} O-O {[%emt 0:00:03]} 6. b3 {[%emt 0:00:10]} c5 {[%emt 0:01:25]} 7. cxd5 {[%emt 0:00:23]} Nxd5 {[%emt 0:00:06]} 8. d4 {[%emt 0:00:09]} Nc6 {[%emt 0:01:12]} 9. Bb2 {[%emt 0:03:26]} cxd4 {[%emt 0:10:56]} 10. Nxd4 {[%emt 0:03:27]} Bd7 {[%emt 0:01:09]} 11. Nxc6 {[%emt 0:09:44]} Bxc6 {[%emt 0:00:52]} 12. e4 {[%emt 0:00:07]} Nb4 {[%emt 0:01:38]} 13. Qg4 {[%emt 0:00:11]} Bf6 {[%emt 0:04:45]} 14. e5 {[%emt 0:01:51]} Be7 {[%emt 0:00:06]} 15. Rd1 {[%emt 0:00:17]} Qc7 {[%emt 0:07:33]} 16. Nc3 {[%emt 0:04:08]} Bxg2 {[%emt 0:01:10]} 17. Kxg2 {[%emt 0:00:12]} Rfd8 {[%emt 0:00:33]} 18. Qe4 {[%emt 0:09:29]} a6 {[%emt 0:07:29]} 19. a3 {[%emt 0:12:56]} Nc6 {[%emt 0:00:20]} 20. Ne2 {[%emt 0:00:27]} Qb6 {[%emt 0:04:10]} 21. b4 {[%emt 0:06:34]} a5 {[%emt 0:00:34]} 22. Bc3 {[%emt 0:00:08]} axb4 {[%emt 0:00:12]} 23. axb4 {[%emt 0:00:49]} Rxa1 {[%emt 0:01:15]} 24. Rxa1 {[%emt 0:00:09]} Qb5 {[%emt 0:00:19]} 25. Ra2 {[%emt 0:05:48]} h6 {[%emt 0:01:12]} 26. f3 {[%emt 0:02:04]} Bf8 {[%emt 0:04:10]} 27. Rb2 {[%emt 0:05:00]} Rd1 {[%emt 0:01:36]} 28. f4 {[%emt 0:08:58]} Rd3 {[%emt 0:10:10]} 29. Be1 {[%emt 0:03:12]} Ne7 {[%emt 0:03:09]} 30. Bf2 {[%emt 0:03:19]} Nc6 {[%emt 0:08:43]} 31. Be1 {[%emt 0:01:53]} Rd8 {[%emt 0:04:55]} 32. Nc3 {[%emt 0:01:59]} Qb6 {[%emt 0:00:35]} 33. Bf2 {[%emt 0:01:12]} Qc7 {[%emt 0:00:07]} 34. Na4 {[%emt 0:01:39]} Rd5 {[%emt 0:03:33]} 35. b5 {[%emt 0:02:35]} Ne7 {[%emt 0:01:53]} 36. Rc2 {[%emt 0:00:56]} Qa5 {[%emt 0:01:01]} 37. Bc5 {[%emt 0:05:15]} Qxb5 {[%emt 0:01:10]} 38. Bxe7 {[%emt 0:00:09]} Bxe7 {[%emt 0:00:05]} 39. Nc3 {[%emt 0:00:05]} Qd3 {[%emt 0:00:12]} 40. Qxd3 {[%emt 0:00:48]} Rxd3 {[%emt 0:00:02]} 41. Ne4 {[%emt 0:01:34]} b5 {[%emt 0:04:45]} 42. Rc8+ {[%emt 0:00:46]} Rd8 {[%emt 0:04:27]} 43. Rc7 {[%emt 0:01:57]} Bf8 {[%emt 0:00:08]} 44. Rb7 {[%emt 0:00:15]} b4 {[%emt 0:00:04]} 45. Kf2 {[%emt 0:00:17]} Ra8 {[%emt 0:00:53]} 46. Nd6 {[%emt 0:01:56]} Bxd6 {[%emt 0:00:22]} 47. exd6 {[%emt 0:00:01]} Rd8 {[%emt 0:00:00]} 48. Rxb4 {[%emt 0:00:30]} Rxd6 {[%emt 0:00:04]} 49. h4 {[%emt 0:00:08]} h5 {[%emt 0:01:39]} 50. Rb5 {[%emt 0:00:29]} g6 {[%emt 0:00:01]} 51. Ra5 {[%emt 0:00:16]} Kg7 {[%emt 0:00:01]} 52. Rb5 {[%emt 0:00:09]} Kf6 {[%emt 0:00:01]} 53. Rb7 {[%emt 0:00:32]} Rd3 {[%emt 0:00:24]} 54. Rc7 {[%emt 0:00:17]} Ra3 {[%emt 0:00:09]} 55. Rb7 {[%emt 0:00:12]} Ra2+ {[%emt 0:03:26]} 56. Kf3 {[%emt 0:00:04]} Rc2 {[%emt 0:00:16]} 57. Ra7 {[%emt 0:00:10]} Rb2 {[%emt 0:00:04]} 58. Rc7 {[%emt 0:00:07]} Rb3+ {[%emt 0:00:00]} 59. Kf2 {[%emt 0:00:07]} Rb8 {[%emt 0:02:15]} 60. Kf3 {[%emt 0:00:16]} Re8 {[%emt 0:00:02]} 61. Ke4 {[%emt 0:00:39]} Re7 {[%emt 0:00:28]} 62. Rc5 {[%emt 0:00:51]} Ra7 {[%emt 0:00:03]} 63. Rc3 {[%emt 0:01:19]} Ra5 {[%emt 0:00:27]} 64. Rb3 {[%emt 0:00:16]} Ra1 {[%emt 0:00:48]} 65. Rc3 {[%emt 0:00:37]} Rb1 {[%emt 0:00:27]} 66. Ra3 {[%emt 0:00:11]} Re1+ {[%emt 0:00:16]} 67. Kf3 {[%emt 0:00:46]} Kf5 {[%emt 0:00:07]} 68. Ra5+ {[%emt 0:01:44]} e5 {[%emt 0:00:14]} 69. fxe5 {[%emt 0:00:11]} Rxe5 {[%emt 0:00:03]} 70. Ra4 {[%emt 0:00:26]} f6 {[%emt 0:00:06]} 71. Rf4+ {[%emt 0:00:32]} Ke6 {[%emt 0:00:04]} 72. Ra4 {[%emt 0:00:08]} Rb5 {[%emt 0:00:18]} 73. Re4+ {[%emt 0:00:40]} Re5 {[%emt 0:00:16]} 74. Ra4 {[%emt 0:00:05]} Rc5 {[%emt 0:00:05]} 75. Re4+ {[%emt 0:00:09]} Kd5 {[%emt 0:01:33]} 76. Re8 {[%emt 0:00:21]} Rc3+ {[%emt 0:00:37]} 77. Kf4 {[%emt 0:00:48]} Rc4+ {[%emt 0:03:17]} 78. Kf3 {[%emt 0:00:09]} Rg4 {[%emt 0:00:08]} 79. Re7 {[%emt 0:01:09]} Kd6 {[%emt 0:00:06]} 80. Re8 {[%emt 0:00:25]} Kd7 {[%emt 0:00:02]} 81. Ra8 {[%emt 0:01:07]} Rd4 {[%emt 0:00:36]} 82. Rg8 {[%emt 0:00:10]} Rg4 {[%emt 0:01:44]} 83. Ra8 {[%emt 0:00:07]} Ke7 {[%emt 0:01:32]} 84. Ra7+ {[%emt 0:00:05]} Ke6 {[%emt 0:00:05]} 85. Ra6+ {[%emt 0:00:06]} Kf7 {[%emt 0:00:00]} 86. Ra7+ {[%emt 0:00:36]} Kf8 {[%emt 0:00:01]} 87. Ra8+ {[%emt 0:00:10]} Kg7 {[%emt 0:00:01]} 88. Ra7+ {[%emt 0:00:08]} Kh6 {[%emt 0:00:16]} 89. Ra6 {[%emt 0:00:06]} f5 {[%emt 0:00:08]} 90. Rb6 {[%emt 0:00:07]} Kg7 {[%emt 0:00:19]} 91. Rb7+ {[%emt 0:00:10]} Kf6 {[%emt 0:00:01]} 92. Rb6+ {[%emt 0:00:15]} Ke5 {[%emt 0:00:34]} 93. Rb5+ {[%emt 0:00:06]} Kd4 {[%emt 0:00:25]} 94. Rb4+ {[%emt 0:00:35]} Ke5 {[%emt 0:00:21]} 95. Rb5+ Kf6 96. Rb6+ {[%emt 0:00:23]} Kg7 {[%emt 0:00:00]} 97. Rb7+ {[%emt 0:00:05]} Kh6 {[%emt 0:00:02]} 98. Ra7 {[%emt 0:00:59]} f4 {[%emt 0:00:29]} 99. gxf4 {[%emt 0:00:47]} Rxh4 {[%emt 0:00:04]} 100. Ra6 {[%emt 0:00:07]} Kh7 {[%emt 0:00:44]} 101. Ra7+ {[%emt 0:00:09]} Kg8 {[%emt 0:00:48]} 102. Ra8+ {[%emt 0:00:19]} Kg7 {[%emt 0:01:16]} 103. Ra7+ {[%emt 0:00:06]} Kh6 {[%emt 0:00:01]} 104. Ra6 {[%emt 0:00:07]} Rh1 {[%emt 0:00:55]} 105. Kg2 {[%emt 0:00:18]} Rh4 1/2-1/2

[Event "V Open Semana Santa Alicante 2021"]
[Site "Alicante"]
[Date "2021.04.02"]
[Round "4.7"]
[White "Vergara Anton, Diego"]
[Black "Aranda Marin, Cristian"]
[Result "0-1"]
[WhiteElo "2175"]
[BlackElo "2361"]
[Annotator "ChessBase"]
[PlyCount "106"]
[EventDate "2021.03.31"]
[EventType "swiss"]
[EventCountry "ESP"]
[SourceTitle "playchess.com"]
[Source "ChessBase"]
[SourceQuality "1"]
[TimeControl "5400+30"]

1. d4 {[%emt 0:00:00]} Nf6 {[%emt 0:00:00]} 2. Nf3 {[%emt 0:00:00]} e6 {[%emt 0:00:19]} 3. g3 {[%emt 0:00:00]} c5 {[%emt 0:00:25]} 4. Bg2 {[%emt 0:00:25]} cxd4 {[%emt 0:00:25]} 5. Nxd4 {[%emt 0:00:17]} d5 {[%emt 0:00:14]} 6. O-O {[%emt 0:01:07]} e5 {[%emt 0:01:52]} 7. Nf3 {[%emt 0:00:06]} Nc6 {[%emt 0:00:39]} 8. c4 {[%emt 0:00:49]} d4 {[%emt 0:00:16]} 9. e3 {[%emt 0:00:31]} Be7 {[%emt 0:04:38]} 10. exd4 {[%emt 0:01:12]} exd4 {[%emt 0:00:09]} 11. Bf4 {[%emt 0:02:23]} O-O {[%emt 0:01:58]} 12. Ne5 {[%emt 0:00:43]} Qb6 {[%emt 0:01:49]} 13. Re1 {[%emt 0:01:54]} Be6 {[%emt 0:05:54]} 14. Nd2 {[%emt 0:05:50]} Rac8 {[%emt 0:02:27]} 15. b3 {[%emt 0:16:52]} Bb4 {[%emt 0:07:34]} 16. Nxc6 {[%emt 0:15:13]} bxc6 {[%emt 0:00:20]} 17. Rxe6 {[%emt 0:03:08]} fxe6 {[%emt 0:00:21]} 18. Ne4 {[%emt 0:01:30]} Nxe4 {[%emt 0:09:22]} 19. Bxe4 {[%emt 0:00:18]} Qc5 {[%emt 0:02:11]} 20. Qd3 {[%emt 0:04:36]} Qh5 {[%emt 0:00:38]} 21. a3 {[%emt 0:04:32]} Bc3 {[%emt 0:02:16]} 22. Rb1 {[%emt 0:02:50]} e5 {[%emt 0:05:13]} 23. Bc1 {[%emt 0:00:24]} Rf6 {[%emt 0:09:28]} 24. f3 {[%emt 0:01:15]} Rcf8 {[%emt 0:01:53]} 25. Kg2 {[%emt 0:01:53]} a5 {[%emt 0:03:46]} 26. a4 {[%emt 0:03:26]} Rb8 {[%emt 0:07:05]} 27. Bd2 {[%emt 0:02:52]} Bb4 {[%emt 0:05:06]} 28. Bxb4 {[%emt 0:00:33]} Rxb4 {[%emt 0:00:02]} 29. Qe2 {[%emt 0:03:28]} Qf7 {[%emt 0:07:47]} 30. Bc2 {[%emt 0:01:42]} Rb8 {[%emt 0:00:20]} 31. Qe4 {[%emt 0:01:55]} g6 {[%emt 0:00:27]} 32. Rd1 {[%emt 0:00:44]} Rf8 {[%emt 0:01:49]} 33. Rd3 {[%emt 0:00:47]} Qe7 {[%emt 0:01:27]} 34. Bd1 {[%emt 0:00:42]} Qc5 {[%emt 0:00:08]} 35. Bc2 {[%emt 0:01:27]} Re8 {[%emt 0:02:30]} 36. Rd1 {[%emt 0:01:30]} Ree6 {[%emt 0:00:06]} 37. Qe2 {[%emt 0:01:25]} Kg7 {[%emt 0:01:41]} 38. Be4 {[%emt 0:00:16]} Qb4 {[%emt 0:00:55]} 39. Rd3 {[%emt 0:00:26]} h5 {[%emt 0:01:54]} 40. h4 {[%emt 0:01:02]} Rf8 {[%emt 0:00:32]} 41. Qd1 {[%emt 0:00:31]} Rb8 {[%emt 0:01:10]} 42. Qc1 {[%emt 0:00:31]} Qe7 {[%emt 0:00:29]} 43. Qd2 {[%emt 0:01:20]} Rb4 {[%emt 0:00:17]} 44. Qc1 {[%emt 0:03:13]} Qf6 {[%emt 0:01:48]} 45. Kf2 {[%emt 0:03:12]} c5 {[%emt 0:02:08]} 46. Qe1 {[%emt 0:04:40]} Reb6 {[%emt 0:00:59]} 47. Rd1 {[%emt 0:00:31]} g5 {[%emt 0:02:14]} 48. hxg5 {[%emt 0:00:37]} Qxg5 {[%emt 0:00:01]} 49. Bc2 {[%emt 0:00:13]} Rxb3 {[%emt 0:00:14]} 50. Bxb3 {[%emt 0:01:53]} Rxb3 {[%emt 0:00:02]} 51. Kg2 {[%emt 0:00:57]} Rb2+ {[%emt 0:01:40]} 52. Kg1 {[%emt 0:01:13]} h4 {[%emt 0:01:10]} 53. f4 {[%emt 0:01:01]} exf4 {[%emt 0:00:31]} 0-1

[Event "V Open Semana Santa Alicante 2021"]
[Site "Alicante"]
[Date "2021.04.02"]
[Round "4.8"]
[White "Sierra Vallina, Lionel"]
[Black "Ibanez Aullana, Ramon"]
[Result "0-1"]
[WhiteElo "1809"]
[BlackElo "2276"]
[Annotator "ChessBase"]
[PlyCount "94"]
[EventDate "2021.03.31"]
[EventType "swiss"]
[EventCountry "ESP"]
[SourceTitle "playchess.com"]
[Source "ChessBase"]
[SourceQuality "1"]
[TimeControl "5400+30"]

1. e4 {[%emt 0:00:00]} c5 {[%emt 0:02:25]} 2. Nf3 {[%emt 0:00:10]} e6 {[%emt 0:00:29]} 3. d4 {[%emt 0:00:19]} cxd4 {[%emt 0:00:07]} 4. Nxd4 {[%emt 0:00:20]} Nf6 {[%emt 0:05:34]} 5. Nc3 {[%emt 0:00:16]} d6 {[%emt 0:00:18]} 6. Bg5 {[%emt 0:01:05]} a6 {[%emt 0:05:37]} 7. a4 {[%emt 0:05:05]} Qc7 {[%emt 0:12:01]} 8. Be2 {[%emt 0:03:10]} b6 {[%emt 0:01:55]} 9. O-O {[%emt 0:01:45]} Bb7 {[%emt 0:00:18]} 10. Bxf6 {[%emt 0:05:07]} gxf6 {[%emt 0:00:27]} 11. Bh5 {[%emt 0:03:29]} Qe7 {[%emt 0:13:13]} 12. Qg4 {[%emt 0:06:31]} Kd8 {[%emt 0:07:07]} 13. Rad1 {[%emt 0:04:31]} Nd7 {[%emt 0:01:11]} 14. f4 {[%emt 0:01:20]} Rc8 {[%emt 0:03:56]} 15. e5 {[%emt 0:08:26]} fxe5 {[%emt 0:07:15]} 16. fxe5 {[%emt 0:00:10]} Nxe5 {[%emt 0:01:24]} 17. Qg3 {[%emt 0:00:18]} Kc7 {[%emt 0:05:35]} 18. Ndb5+ {[%emt 0:04:37]} axb5 {[%emt 0:00:27]} 19. Nxb5+ {[%emt 0:00:04]} Kb8 {[%emt 0:00:19]} 20. Nxd6 {[%emt 0:00:21]} Qxd6 {[%emt 0:00:20]} 21. Rxd6 {[%emt 0:00:15]} Bxd6 {[%emt 0:00:02]} 22. Qb3 {[%emt 0:03:03]} Rhg8 {[%emt 0:03:30]} 23. Bf3 {[%emt 0:02:33]} Nxf3+ {[%emt 0:03:14]} 24. Rxf3 {[%emt 0:00:32]} Bc5+ {[%emt 0:02:11]} 25. Kf1 {[%emt 0:00:18]} Ba6+ {[%emt 0:03:11]} 26. c4 {[%emt 0:02:00]} Bd4 {[%emt 0:00:34]} 27. Rc3 {[%emt 0:00:11]} Ka7 {[%emt 0:03:12]} 28. a5 {[%emt 0:01:12]} bxa5 {[%emt 0:00:50]} 29. Rc2 {[%emt 0:00:56]} Rxc4 {[%emt 0:02:25]} 30. Rxc4 Rc8 {[%emt 0:00:11]} 31. Qf3 {[%emt 0:00:55]} Rxc4 {[%emt 0:00:13]} 32. Ke1 {[%emt 0:00:15]} Rc1+ {[%emt 0:02:34]} 33. Kd2 {[%emt 0:00:08]} Rf1 {[%emt 0:00:22]} 34. Qe4 {[%emt 0:00:59]} Rf2+ {[%emt 0:00:25]} 35. Kd1 {[%emt 0:00:33]} e5 {[%emt 0:00:55]} 36. Qc6 {[%emt 0:01:02]} Bb6 {[%emt 0:01:44]} 37. Qd7+ {[%emt 0:00:20]} Bb7 {[%emt 0:00:16]} 38. b4 {[%emt 0:00:36]} Rf4 {[%emt 0:02:53]} 39. Qb5 {[%emt 0:01:13]} Rd4+ {[%emt 0:01:26]} 40. Kc1 {[%emt 0:00:13]} Rd5 {[%emt 0:03:16]} 41. Qa4 {[%emt 0:00:45]} e4 {[%emt 0:00:30]} 42. bxa5 {[%emt 0:00:18]} Rxa5 {[%emt 0:00:19]} 43. Qb3 {[%emt 0:01:14]} e3 {[%emt 0:00:21]} 44. Kd1 {[%emt 0:00:09]} Ra1+ {[%emt 0:05:15]} 45. Ke2 {[%emt 0:00:13]} Ba6+ {[%emt 0:00:11]} 46. Kf3 {[%emt 0:00:21]} Rf1+ {[%emt 0:00:10]} 47. Kg4 {[%emt 0:00:27]} e2 {[%emt 0:00:15]} 0-1

[Event "V Open Semana Santa Alicante 2021"]
[Site "Alicante"]
[Date "2021.04.02"]
[Round "4.9"]
[White "Gomez Anadon, Daniel"]
[Black "Donado-Mazarron Gomez, Miguel"]
[Result "0-1"]
[WhiteElo "2234"]
[BlackElo "2184"]
[Annotator "NA"]
[PlyCount "102"]
[EventDate "2021.03.31"]
[EventType "swiss"]
[EventCountry "ESP"]
[SourceTitle "playchess.com"]
[Source "ChessBase"]
[SourceQuality "1"]
[TimeControl "5400+30"]

1. e4 {[%emt 0:01:17]} c5 {[%emt 0:00:00]} 2. Nf3 {[%emt 0:00:06]} d6 {[%emt 0:00:00]} 3. Bb5+ {[%emt 0:00:26]} Nd7 {[%emt 0:00:18]} 4. c3 {[%emt 0:00:43]} Ngf6 {[%emt 0:00:34]} 5. Bd3 {[%emt 0:00:31]} Ne5 {[%emt 0:00:23]} 6. Be2 {[%emt 0:03:23]} Nxf3+ {[%emt 0:00:18]} 7. Bxf3 {[%emt 0:00:09]} e5 {[%emt 0:00:19]} 8. d4 {[%emt 0:02:07]} Be7 {[%emt 0:00:15]} 9. dxe5 {[%emt 0:03:02]} dxe5 {[%emt 0:00:07]} 10. Qxd8+ {[%emt 0:01:26]} Bxd8 {[%emt 0:01:28]} 11. Nd2 {[%emt 0:02:16]} O-O {[%emt 0:06:38]} 12. Be2 {[%emt 0:00:50]} a6 {[%emt 0:09:46]} 13. a4 {[%emt 0:02:10]} b6 {[%emt 0:05:14]} 14. f3 {[%emt 0:00:45]} Bc7 {[%emt 0:03:46]} 15. Nc4 {[%emt 0:02:48]} Bd7 {[%emt 0:07:09]} 16. Bg5 {[%emt 0:07:40]} Nh5 {[%emt 0:01:20]} 17. Be7 {[%emt 0:19:40]} Rfe8 {[%emt 0:01:11]} 18. Bd6 {[%emt 0:02:41]} Bxd6 {[%emt 0:00:44]} 19. Nxd6 {[%emt 0:00:06]} Red8 {[%emt 0:01:55]} 20. Bc4 {[%emt 0:12:15]} Be6 {[%emt 0:01:49]} 21. Bxe6 {[%emt 0:07:33]} Rxd6 {[%emt 0:00:32]} 22. Bc4 {[%emt 0:03:37]} Rad8 {[%emt 0:10:03]} 23. O-O {[%emt 0:01:40]} Rd2 {[%emt 0:11:30]} 24. g3 {[%emt 0:02:54]} a5 {[%emt 0:08:26]} 25. Rab1 {[%emt 0:01:32]} Kf8 {[%emt 0:03:05]} 26. Bd5 {[%emt 0:03:49]} f5 {[%emt 0:03:23]} 27. Rf2 {[%emt 0:11:42]} Rxf2 {[%emt 0:03:17]} 28. Kxf2 {[%emt 0:00:02]} Nf6 {[%emt 0:00:27]} 29. c4 {[%emt 0:00:16]} fxe4 {[%emt 0:01:11]} 30. fxe4 {[%emt 0:00:04]} Ke7 {[%emt 0:01:10]} 31. Ke2 {[%emt 0:00:30]} h6 {[%emt 0:04:59]} 32. Rf1 {[%emt 0:00:16]} Rf8 {[%emt 0:00:22]} 33. Rf5 {[%emt 0:00:38]} Nd7 {[%emt 0:00:51]} 34. Rxf8 {[%emt 0:00:49]} Nxf8 {[%emt 0:00:46]} 35. Kf3 {[%emt 0:00:25]} Kf6 {[%emt 0:02:00]} 36. Kg4 {[%emt 0:00:41]} Kg6 {[%emt 0:03:19]} 37. Kf3 {[%emt 0:00:24]} h5 {[%emt 0:00:36]} 38. Ke3 {[%emt 0:02:26]} Kg5 {[%emt 0:01:15]} 39. Kf3 {[%emt 0:00:36]} Kf6 {[%emt 0:01:58]} 40. h4 {[%emt 0:03:04]} g5 {[%emt 0:01:04]} 41. hxg5+ {[%emt 0:00:27]} Kxg5 {[%emt 0:00:08]} 42. Bf7 {[%emt 0:00:19]} h4 {[%emt 0:01:06]} 43. gxh4+ {[%emt 0:00:05]} Kxh4 {[%emt 0:00:05]} 44. Bd5 {[%emt 0:00:30]} Ng6 {[%emt 0:00:15]} 45. Bf7 {[%emt 0:01:26]} Nf4 {[%emt 0:00:14]} 46. Ke3 {[%emt 0:00:16]} Kg3 {[%emt 0:00:15]} 47. Be8 {[%emt 0:00:42]} Ng2+ {[%emt 0:01:05]} 48. Kd3 {[%emt 0:01:44]} Kf4 {[%emt 0:01:19]} 49. Bh5 {[%emt 0:00:37]} Nh4 {[%emt 0:00:51]} 50. Bd1 {[%emt 0:01:01]} Nf3 {[%emt 0:00:32]} 51. Be2 {[%emt 0:00:08]} Ng5 {[%emt 0:00:11]} 0-1

[Event "V Open Semana Santa Alicante 2021"]
[Site "Alicante"]
[Date "2021.04.02"]
[Round "4.10"]
[White "Vilanova Corbi, Jorge"]
[Black "Cabanas Jimenez, Manuel"]
[Result "1-0"]
[WhiteElo "2200"]
[BlackElo "2137"]
[Annotator "NA"]
[PlyCount "71"]
[EventDate "2021.03.31"]
[EventType "swiss"]
[EventCountry "ESP"]
[SourceTitle "playchess.com"]
[Source "ChessBase"]
[SourceQuality "1"]
[TimeControl "5400+30"]

1. Nf3 Nf6 2. c4 g6 3. Nc3 d5 4. cxd5 Nxd5 5. h4 Bg7 6. e4 Nxc3 7. dxc3 Qxd1+ 8. Kxd1 Nc6 9. h5 Bg4 10. h6 Bf6 11. Kc2 e5 12. Be3 Nd8 13. Nd2 Be6 14. g3 Be7 15. Bb5+ c6 16. Bd3 f6 17. f4 Bd6 18. Raf1 b6 19. f5 gxf5 20. exf5 Bd5 21. Rh4 Rg8 22. c4 Bf7 23. Ne4 Be7 24. g4 Nb7 25. g5 fxg5 26. Rg4 O-O-O 27. f6 Bf8 28. Rxg5 Rh8 29. Rxe5 Bg6 30. Nf2 Bd6 31. Rg5 Bxd3+ 32. Nxd3 Rhe8 33. Rf3 Bf8 34. Re5 Nd6 35. f7 Rxe5 36. Nxe5 1-0